UM Logo
Normal view MARC view
  • Hewett, Dave,

Entry Personal Name

Number of records used in: 1

001 - CONTROL NUMBER

  • control field: 39245

003 - CONTROL NUMBER IDENTIFIER

  • control field: OSt

005 - DATE AND TIME OF LATEST TRANSACTION

  • control field: 20190816154036.0

008 - FIXED-LENGTH DATA ELEMENTS

  • fixed length control field: 190816|| aca||aabn | a|a d

040 ## - CATALOGING SOURCE

  • Original cataloging agency: OSt
  • Transcribing agency: OSt

100 ## - HEADING--PERSONAL NAME

  • Personal name: Hewett, Dave,
  • Relator term: editor.

670 ## - SOURCE DATA FOUND

  • Source citation: Work cat.: (OSt)0: The intensive interaction handbook /, 2018.